[Event "4NCL Division One"]
[Site "Daventry, ENG"]
[Date "2024.05.06"]
[EventDate "2024.05.06"]
[Round "11.11"]
[White "Shirov, Alexei"]
[WhiteTitle "GM"]
[WhiteElo "2661"]
[WhiteTeam "Manx Liberty"]
[Black "Jones, Gawain C B"]
[BlackTitle "GM"]
[BlackElo "2620"]
[BlackTeam "Chessable White Rose 1"]
[Result "0-1"]

1. e4 e5 2. Nf3 Nc6 3. Bb5 a6 4. Ba4 Nf6 5. O-O d6 6. Bxc6+ bxc6 7. d4 exd4 8.
Nxd4 c5 9. Nc6 Qd7 10. Na5 Qa4 11. Bd2 Be7 12. Re1 Bg4 13. f3 Be6 14. c4 Qxd1
15. Rxd1 Nd7 16. Bc3 O-O 17. Nd2 Bg5 18. Nf1 Rae8 19. Re1 f5 20. Ng3 fxe4 21.
Nxe4 Bf4 22. g3 Ne5 23. Kg2 Nxf3 24. Kxf3 Bd2+ 25. Kg2 Bxe1 26. Rxe1 Bg4 27.
Nf2 Bf3+ 28. Kf1 Rxe1+ 29. Bxe1 Re8 30. Bd2 h6 31. h4 Kf7 32. Nh3 Bg2+ 33. Kxg2
Re2+ 34. Kf3 Rxd2 35. Nf4 Rxb2 36. Nc6 Ke8 37. Ng6 Rxa2 0-1

[Event "4NCL Division One"]
[Site "Daventry, ENG"]
[Date "2024.05.06"]
[EventDate "2024.05.06"]
[Round "11.12"]
[White "Alsina Leal, Daniel"]
[WhiteTitle "GM"]
[WhiteElo "2497"]
[WhiteTeam "Chessable White Rose 1"]
[Black "Svane, Frederik"]
[BlackTitle "GM"]
[BlackElo "2627"]
[BlackTeam "Manx Liberty"]
[Result "1/2-1/2"]

1. Nf3 Nf6 2. c4 e6 3. g3 d5 4. Bg2 Bd6 5. d4 O-O 6. O-O h6 7. c5 Be7 8. b4 b6
9. Bb2 a5 10. a3 bxc5 11. bxc5 Nc6 12. Nbd2 Ne4 13. Nxe4 dxe4 14. Ne1 f5 15. f3
Rb8 16. Bc3 e5 17. fxe4 exd4 18. Bd2 fxe4 19. Rxf8+ Qxf8 20. Bxe4 Ne5 21. Nd3
Nxd3 22. exd3 Bf5 23. Qf3 Bxe4 24. Qxe4 Bxc5 1/2-1/2

[Event "4NCL Division One"]
[Site "Daventry, ENG"]
[Date "2024.05.06"]
[EventDate "2024.05.06"]
[Round "11.13"]
[White "Svane, Rasmus"]
[WhiteTitle "GM"]
[WhiteElo "2627"]
[WhiteTeam "Manx Liberty"]
[Black "Rowson, Jonathan"]
[BlackTitle "GM"]
[BlackElo "2527"]
[BlackTeam "Chessable White Rose 1"]
[Result "1-0"]

1. d4 Nf6 2. c4 e6 3. Nf3 b6 4. g3 Bb7 5. Bg2 Bb4+ 6. Bd2 a5 7. O-O O-O 8. a3
Bxd2 9. Qxd2 d6 10. Qd3 a4 11. Nc3 Ra5 12. Qc2 Qe8 13. Rfd1 Na6 14. Rac1 h6 15.
h3 Ba8 16. e4 e5 17. Re1 Nh7 18. h4 Bb7 19. Nd5 Bc8 20. c5 bxc5 21. dxe5 dxe5
22. Bf1 Nb8 23. Qc3 Nc6 24. Nxc7 Qe7 25. Nd5 Qd6 26. Red1 Qb8 27. Ne7+ 1-0

[Event "4NCL Division One"]
[Site "Daventry, ENG"]
[Date "2024.05.06"]
[EventDate "2024.05.06"]
[Round "11.14"]
[White "Palliser, Richard J D"]
[WhiteTitle "IM"]
[WhiteElo "2377"]
[WhiteTeam "Chessable White Rose 1"]
[Black "Erdos, Viktor"]
[BlackTitle "GM"]
[BlackElo "2545"]
[BlackTeam "Manx Liberty"]
[Result "0-1"]

1. d4 Nf6 2. c4 e6 3. Nc3 Bb4 4. e3 d5 5. Qa4+ Nc6 6. Nf3 O-O 7. Bd2 Re8 8. Rd1
Bf8 9. Qc2 e5 10. dxe5 Nxe5 11. Nxe5 Rxe5 12. cxd5 Nxd5 13. Nxd5 Bf5 14. Qb3
Qxd5 15. Qxd5 Rxd5 16. Bc4 Rc5 17. Bb3 a5 18. Rc1 Rxc1+ 19. Bxc1 a4 20. Bc4 a3
21. bxa3 Bxa3 22. Bxa3 Rxa3 23. Kd2 b5 24. Bxb5 Rxa2+ 25. Kc3 Rxf2 26. Rf1 Rc2+
27. Kd4 Be6 28. Rg1 Kf8 29. Bd3 c5+ 30. Ke5 Rc3 31. Be4 Ke7 32. Kf4 Rc4 33. Kf3
f5 34. Bb1 Kf6 35. e4 Rc3+ 36. Kf2 f4 37. e5+ Kxe5 38. Re1+ Re3 39. Rxe3+ fxe3+
40. Kxe3 h6 41. Bc2 Ba2 0-1

[Event "4NCL Division One"]
[Site "Daventry, ENG"]
[Date "2024.05.06"]
[EventDate "2024.05.06"]
[Round "11.15"]
[White "Lupulescu, Constantin"]
[WhiteTitle "GM"]
[WhiteElo "2589"]
[WhiteTeam "Manx Liberty"]
[Black "Camacho Collados, Jose"]
[BlackTitle "IM"]
[BlackElo "2374"]
[BlackTeam "Chessable White Rose 1"]
[Result "1-0"]

1. d4 Nf6 2. c4 e6 3. Nc3 d5 4. cxd5 exd5 5. Bg5 c6 6. e3 h6 7. Bh4 Be7 8. Bd3
O-O 9. Nge2 Re8 10. O-O Nh7 11. Bg3 Bh4 12. Qd2 Bxg3 13. Nxg3 a5 14. f3 b6 15.
Bxh7+ Kxh7 16. e4 dxe4 17. fxe4 Ra7 18. e5 Ba6 19. Rfe1 c5 20. d5 Rae7 21. Qf4
Nd7 22. e6 Nf6 23. Nf5 Nxd5 24. Nxd5 Qxd5 25. Re5 Qc4 26. Qxc4 Bxc4 27. Nxe7
Rxe7 28. exf7 Rxf7 29. b3 Bd3 30. Rd5 c4 31. Rc1 Rf4 32. h3 Re4 33. a3 Re2 34.
bxc4 Be4 35. Re5 Rxg2+ 36. Kf1 Rh2 37. Rc3 Bg2+ 38. Kf2 Bc6+ 39. Ke1 Bd7 40.
Ree3 a4 41. Re7 Rxh3 42. Rxh3 Bxh3 43. Ra7 Be6 44. Rxa4 h5 45. Rb4 g5 46. Rxb6
Bxc4 47. a4 h4 48. a5 g4 49. Rb4 Be6 50. a6 h3 51. a7 Bd5 52. Rxg4 1-0

[Event "4NCL Division One"]
[Site "Daventry, ENG"]
[Date "2024.05.06"]
[EventDate "2024.05.06"]
[Round "11.16"]
[White "Wall, Tim P"]
[WhiteTitle "FM"]
[WhiteElo "2352"]
[WhiteTeam "Chessable White Rose 1"]
[Black "Jaracz, Pawel"]
[BlackTitle "GM"]
[BlackElo "2472"]
[BlackTeam "Manx Liberty"]
[Result "0-1"]

1. e4 c5 2. Nf3 d6 3. c3 Nf6 4. Be2 g6 5. O-O Bg7 6. d3 O-O 7. Be3 Nc6 8. Nbd2
Ng4 9. Bg5 h6 10. Bh4 Nf6 11. Re1 e5 12. Bf1 Re8 13. a3 Be6 14. b4 a6 15. Nb3
Qb6 16. Rb1 cxb4 17. axb4 Nh5 18. Nfd2 Qc7 19. Nc4 Ne7 20. Rc1 Nf4 21. Bg3 Rad8
22. Qd2 g5 23. Qb2 Nxd3 24. Bxd3 Bxc4 25. Bxc4 Qxc4 26. Na5 Qc8 27. Qa2 d5 28.
exd5 Nxd5 29. Nc4 Qc7 30. Ne3 Nxe3 31. fxe3 Qb6 32. Kh1 e4 33. Rf1 Qe6 34. Qf2
b5 35. Qe2 Rd3 36. Be1 Qc4 37. Qf2 Rxe3 0-1

[Event "4NCL Division One"]
[Site "Daventry, ENG"]
[Date "2024.05.06"]
[EventDate "2024.05.06"]
[Round "11.17"]
[White "Parligras, Mircea-Emilian"]
[WhiteTitle "GM"]
[WhiteElo "2557"]
[WhiteTeam "Manx Liberty"]
[Black "Weller, Jean-Luc"]
[BlackElo "2243"]
[BlackTeam "Chessable White Rose 1"]
[Result "1-0"]

1. c4 Nf6 2. Nc3 e6 3. Nf3 b6 4. g3 Bb7 5. Bg2 Bb4 6. Qc2 O-O 7. a3 Bxc3 8.
Qxc3 d5 9. cxd5 Nxd5 10. Qc2 c5 11. b3 Nc6 12. Bb2 Re8 13. O-O e5 14. d3 Nd4
15. Qd1 Nc7 16. Nd2 Bxg2 17. Kxg2 Re6 18. b4 cxb4 19. axb4 Qd7 20. e3 Nc6 21.
Nf3 Rd8 22. Rc1 f6 23. Qa4 b5 24. Qa2 Nd5 25. Ba3 Ndxb4 26. Bxb4 Nxb4 27. Qb3
a5 28. Rc5 Kh8 29. d4 Rb6 30. dxe5 Nd3 31. Rd1 Rbb8 32. Qa2 Nf4+ 33. exf4 Qxd1
34. exf6 gxf6 35. Qxa5 b4 36. Qa6 Rd6 37. Qa7 Rbd8 38. Qf7 Qd3 39. f5 Rg8 40.
Qe7 Rg7 41. Rc8+ Rg8 42. Rc7 1-0

[Event "4NCL Division One"]
[Site "Daventry, ENG"]
[Date "2024.05.06"]
[EventDate "2024.05.06"]
[Round "11.18"]
[White "Navrotescu, Andreea"]
[WhiteTitle "WGM"]
[WhiteElo "2220"]
[WhiteTeam "Chessable White Rose 1"]
[Black "Terbe, Julianna"]
[BlackTitle "WIM"]
[BlackElo "2274"]
[BlackTeam "Manx Liberty"]
[Result "1-0"]

1. d4 d5 2. c4 e6 3. Nc3 c6 4. Nf3 dxc4 5. g3 Nf6 6. Bg2 b5 7. e4 Bb7 8. e5 Nd5
9. Ng5 h6 10. Qh5 g6 11. Qh3 Be7 12. Nxe6 Qc8 13. Nf4 Qxh3 14. Nxh3 a6 15. Nxd5
cxd5 16. Nf4 Nc6 17. Bxd5 O-O-O 18. O-O Nxd4 19. Bxb7+ Kxb7 20. Kg2 Bc5 21. Be3
Rhe8 22. e6 g5 23. exf7 Re5 24. Rad1 gxf4 25. Bxd4 f3+ 26. Kxf3 Bxd4 27. Rxd4
Rf8 28. Rf4 Re7 29. Kg4 Rfxf7 30. Rxf7 Rxf7 31. Kh5 Rf6 32. f4 Kc6 33. g4 Kd5
34. h4 b4 35. g5 hxg5 36. hxg5 Rf8 37. g6 Rh8+ 38. Kg5 Rh2 39. g7 Rg2+ 40. Kf6
c3 41. bxc3 bxc3 42. f5 c2 43. Rc1 1-0

[Event "4NCL Division One"]
[Site "Daventry, ENG"]
[Date "2024.05.06"]
[EventDate "2024.05.06"]
[Round "11.21"]
[White "Ledger, Andrew J"]
[WhiteTitle "IM"]
[WhiteElo "2365"]
[WhiteTeam "Blackthorne"]
[Black "Adams, Michael"]
[BlackTitle "GM"]
[BlackElo "2673"]
[BlackTeam "Wood Green"]
[Result "0-1"]

1. Nf3 d5 2. d4 Nf6 3. c4 e6 4. Nc3 Nbd7 5. Bf4 Bb4 6. Qb3 c5 7. dxc5 a5 8. Bd6
b6 9. cxd5 Nxd5 10. e4 Nxc3 11. bxc3 Bxc5 12. Rd1 Bxd6 13. Rxd6 Qc7 14. e5 O-O
15. Qc4 Nc5 16. Qd4 Bb7 17. Be2 Ne4 18. Rd7 Qc8 19. Bd3 Bd5 20. Bxe4 Qxd7 21.
Bxh7+ Kxh7 22. Qh4+ Kg8 23. Ng5 Rfc8 24. Qh7+ Kf8 25. h4 Qc7 26. Rh3 Qxe5+ 27.
Re3 Qf6 28. Qb1 Qf5 0-1

[Event "4NCL Division One"]
[Site "Daventry, ENG"]
[Date "2024.05.06"]
[EventDate "2024.05.06"]
[Round "11.22"]
[White "Harvey, Marcus R"]
[WhiteTitle "IM"]
[WhiteElo "2576"]
[WhiteTeam "Wood Green"]
[Black "Gormally, Daniel W"]
[BlackTitle "GM"]
[BlackElo "2415"]
[BlackTeam "Blackthorne"]
[Result "1/2-1/2"]

1. c4 Nf6 2. Nc3 g6 3. e4 d6 4. d4 Bg7 5. f4 O-O 6. Nf3 c5 7. d5 e6 8. Be2 exd5
9. cxd5 Bg4 10. O-O Nbd7 11. h3 Bxf3 12. Bxf3 a6 13. a4 c4 14. Be3 Rc8 15. Qc2
Nc5 16. Rae1 Nd3 17. Rb1 Nd7 18. Be2 N7c5 19. Bxc5 Nxc5 20. Bxc4 Re8 21. Bd3
Qb6 22. Kh1 Qb4 23. Rf3 Nxa4 24. e5 Nxc3 25. bxc3 Qxc3 26. Qxc3 Rxc3 27. Rxb7
dxe5 28. d6 exf4 29. d7 Rd8 30. Bxa6 Rc1+ 31. Rf1 Rxf1+ 32. Bxf1 Kf8 33. Bb5
Be5 34. Bc6 Ke7 35. Rb1 f6 36. Kg1 Rb8 37. Bb5 Ra8 38. Kf2 Ra3 39. Rd1 Kd8 40.
Bc6 Rc3 41. Bb7 Rb3 42. Bc8 Rb2+ 43. Kf1 f3 44. gxf3 Rh2 45. Bb7 Rh1+ 46. Ke2
Rxd1 47. Kxd1 Kxd7 1/2-1/2

[Event "4NCL Division One"]
[Site "Daventry, ENG"]
[Date "2024.05.06"]
[EventDate "2024.05.06"]
[Round "11.23"]
[White "Bates, Richard A"]
[WhiteTitle "IM"]
[WhiteElo "2381"]
[WhiteTeam "Blackthorne"]
[Black "Murphy, Conor E"]
[BlackTitle "IM"]
[BlackElo "2515"]
[BlackTeam "Wood Green"]
[Result "1/2-1/2"]

1. d4 d5 2. c4 e6 3. Nf3 Nf6 4. g3 dxc4 5. Bg2 Nc6 6. O-O Rb8 7. Bg5 Be7 8. e3
O-O 9. a4 b6 10. Nbd2 Ba6 11. Qe2 h6 12. Bxf6 Bxf6 13. Rac1 Qc8 14. Nxc4 Na5
15. Nfd2 c5 16. d5 Bxb2 17. Rc2 Bf6 18. Qh5 Nxc4 19. Nxc4 exd5 20. Bxd5 Qd7 21.
Rfc1 Bb7 22. Bxb7 Rxb7 23. h4 Qxa4 24. g4 Rd7 25. g5 g6 26. Qf3 Bg7 27. gxh6
Bxh6 28. h5 Bg7 29. hxg6 fxg6 30. Qe4 Rdf7 31. Qxg6 Rf6 32. Qe4 Qc6 33. Qxc6
Rxc6 34. Rb1 Rb8 35. Ra2 Rc7 36. f4 Bc3 37. Kf2 b5 38. Nd6 b4 39. Rc2 Rb6 40.
Ne4 Rh6 41. Rcc1 Bg7 42. Rxc5 Rxc5 43. Nxc5 a5 44. Kf3 Rb6 45. Rb3 Bf8 46. Na4
Rd6 47. Ke2 Kf7 48. Rd3 Rxd3 1/2-1/2

[Event "4NCL Division One"]
[Site "Daventry, ENG"]
[Date "2024.05.06"]
[EventDate "2024.05.06"]
[Round "11.24"]
[White "Wadsworth, Matthew J"]
[WhiteTitle "IM"]
[WhiteElo "2522"]
[WhiteTeam "Wood Green"]
[Black "Varney, Zoe"]
[BlackTitle "WCM"]
[BlackElo "2171"]
[BlackTeam "Blackthorne"]
[Result "1-0"]

1. c4 e6 2. g3 d5 3. Bg2 Nf6 4. Nf3 dxc4 5. Qa4+ Nbd7 6. Qxc4 a6 7. Qc2 c5 8.
Nc3 Qc7 9. d4 b6 10. Bf4 Bd6 11. Bxd6 Qxd6 12. Ne4 Nxe4 13. Qxe4 Rb8 14. dxc5
Nxc5 15. Qe3 Bb7 16. O-O O-O 17. Rfd1 Qe7 18. b4 Nd7 19. Rac1 Nf6 20. a3 Bd5
21. Ne5 Bxg2 22. Kxg2 Qb7+ 23. Qf3 Nd5 24. Nc4 f5 25. Kg1 g5 26. e4 Nf6 27. Nd6
fxe4 28. Qe3 Qg7 29. Nxe4 Nxe4 30. Qxe4 Rf6 31. Rc6 Rbf8 32. Rd2 Qf7 33. Qe3 h6
34. Qxb6 Qg6 35. Qe3 g4 36. Rcd6 Qb1+ 37. Rd1 Qf5 38. Rxa6 Qxf2+ 39. Qxf2 Rxf2
40. Rxe6 Ra2 41. Rf1 Rc8 42. Rxh6 Rc4 43. Rhf6 Rxa3 44. R6f4 Rc2 45. Rxg4+ Kh7
46. Rf2 Rc1+ 47. Kg2 Rb3 48. Kh3 Rcb1 49. Rf5 1-0

[Event "4NCL Division One"]
[Site "Daventry, ENG"]
[Date "2024.05.06"]
[EventDate "2024.05.06"]
[Round "11.25"]
[White "Ledger, Dave J"]
[WhiteTitle "FM"]
[WhiteElo "2211"]
[WhiteTeam "Blackthorne"]
[Black "Speelman, Jon S"]
[BlackTitle "GM"]
[BlackElo "2561"]
[BlackTeam "Wood Green"]
[Result "0-1"]

1. e4 e6 2. d4 d5 3. Nc3 a6 4. h4 dxe4 5. Nxe4 Nd7 6. Nf3 Ngf6 7. Nxf6+ Nxf6 8.
Bg5 h6 9. Bf4 Nd5 10. Be5 f6 11. Bd3 Bb4+ 12. c3 Nxc3 13. Bg6+ Ke7 14. bxc3
Bxc3+ 15. Ke2 fxe5 16. Rc1 Bxd4 17. Qc2 Qd6 18. h5 Bd7 19. Kf1 Bc6 20. Rh3 Raf8
21. Be4 Bxe4 22. Qxe4 c6 23. Rg3 Rf7 24. Rd1 Qc5 25. Qh4+ Kd6 26. Rg6 Kc7 27.
Rxe6 Qc4+ 0-1

[Event "4NCL Division One"]
[Site "Daventry, ENG"]
[Date "2024.05.06"]
[EventDate "2024.05.06"]
[Round "11.26"]
[White "Turner, Matthew J"]
[WhiteTitle "GM"]
[WhiteElo "2487"]
[WhiteTeam "Wood Green"]
[Black "Nelson, Jonathan P"]
[BlackElo "2194"]
[BlackTeam "Blackthorne"]
[Result "1-0"]

1. d4 Nf6 2. Nc3 d6 3. e4 g6 4. Nf3 Bg7 5. h3 O-O 6. Be3 c6 7. a4 a5 8. Be2 Na6
9. e5 Nd5 10. Nxd5 cxd5 11. c3 Bf5 12. O-O Be4 13. e6 Bf5 14. exf7+ Rxf7 15.
Ng5 Rf8 16. g4 Bd7 17. f4 Nc7 18. Bd3 e6 19. Qe1 Qe7 20. Qg3 Bf6 21. Nf3 b5 22.
h4 bxa4 23. Rf2 Rf7 24. h5 gxh5 25. g5 Bh8 26. Re1 Qf8 27. Nh4 Rg7 28. f5 exf5
29. Bxf5 Bxf5 30. Nxf5 Rg6 31. Bd2 Re8 32. Rxe8 Nxe8 33. Kf1 Nf6 34. Qf3 Qe8
35. gxf6 Qb5+ 36. Qe2 Qxe2+ 37. Kxe2 Bxf6 38. Ne3 Bg5 39. Nxd5 Re6+ 40. Kd3
Bxd2 41. Rxd2 1-0

[Event "4NCL Division One"]
[Site "Daventry, ENG"]
[Date "2024.05.06"]
[EventDate "2024.05.06"]
[Round "11.27"]
[White "Eames, Robert S"]
[WhiteTitle "FM"]
[WhiteElo "2154"]
[WhiteTeam "Blackthorne"]
[Black "Gasanov, Eldar"]
[BlackTitle "GM"]
[BlackElo "2527"]
[BlackTeam "Wood Green"]
[Result "0-1"]

1. e4 c5 2. Nf3 Nc6 3. d4 cxd4 4. Nxd4 Nf6 5. Nc3 d6 6. Bc4 Qb6 7. Nb3 e6 8.
Bf4 Ne5 9. Be2 a6 10. g4 Qc7 11. g5 Nfd7 12. Bg3 b5 13. f4 Nc4 14. Qd4 Bb7 15.
O-O Rc8 16. a4 Nxb2 17. Nxb5 Qxc2 18. Na5 Qxe2 19. Nxb7 axb5 20. Rf2 Qc4 21.
Qxb2 bxa4 22. e5 dxe5 23. fxe5 Rb8 24. Rc2 Rxb7 25. Rxc4 Rxb2 26. Rc8+ Ke7 27.
Rxa4 Rb8 0-1

[Event "4NCL Division One"]
[Site "Daventry, ENG"]
[Date "2024.05.06"]
[EventDate "2024.05.06"]
[Round "11.31"]
[White "Pert, Richard G"]
[WhiteTitle "IM"]
[WhiteElo "2411"]
[WhiteTeam "Cheddleton"]
[Black "Roberson, Peter T"]
[BlackTitle "IM"]
[BlackElo "2485"]
[BlackTeam "The Sharks 1"]
[Result "1-0"]

1. d4 Nf6 2. Nf3 d5 3. Bf4 c5 4. e3 Nc6 5. Nbd2 e6 6. c3 cxd4 7. exd4 Nh5 8.
Bg5 f6 9. Be3 Bd6 10. Bb5 O-O 11. O-O Nf4 12. Re1 Ne7 13. Nb3 Nfg6 14. Bd3 b6
15. a4 Bc7 16. h4 e5 17. Bxg6 Nxg6 18. h5 Nf4 19. dxe5 fxe5 20. Bxf4 exf4 21.
Nbd4 Rf6 22. Nb5 Bb7 23. Qd4 Bd6 24. Nxd6 Qxd6 25. Re5 h6 26. Rae1 Raf8 27. Nh4
f3 28. Nxf3 Rf4 29. R1e4 R4f6 30. Rg4 Bc8 31. Rg3 Be6 32. c4 Bf7 33. cxd5 Rc8
34. Nh4 Rc1+ 35. Kh2 Rd1 36. Qg4 g5 37. hxg6 Bxd5 38. Re8+ Kg7 39. Qxd1 Rxf2
40. Qd4+ 1-0

[Event "4NCL Division One"]
[Site "Daventry, ENG"]
[Date "2024.05.06"]
[EventDate "2024.05.06"]
[Round "11.32"]
[White "Nasuta, Grzegorz"]
[WhiteTitle "GM"]
[WhiteElo "2552"]
[WhiteTeam "The Sharks 1"]
[Black "Clarke, Brandon G I"]
[BlackTitle "IM"]
[BlackElo "2490"]
[BlackTeam "Cheddleton"]
[Result "1/2-1/2"]

1. e4 c5 2. Nf3 d6 3. d4 cxd4 4. Nxd4 Nf6 5. Nc3 a6 6. f3 e5 7. Nb3 Be6 8. Be3
Be7 9. Qd2 O-O 10. O-O-O Nbd7 11. g4 b5 12. g5 b4 13. Ne2 Nh5 14. Ng3 a5 15.
Nxh5 a4 16. Na1 Bxa2 17. Ng3 g6 18. h4 b3 19. Ne2 a3 20. cxb3 Qc7+ 21. Nc3 Rfb8
22. Bc4 axb2+ 23. Qxb2 Bxb3 24. Bxb3 d5 25. Nc2 Ba3 26. Nxd5 Bxb2+ 27. Kxb2 Qa5
28. Ra1 Qb5 29. Ndb4 Rxa1 30. Rxa1 Qe2 31. Kc3 Rc8+ 32. Kb2 Rb8 33. Kc3 Rc8+
34. Kb2 Rb8 1/2-1/2

[Event "4NCL Division One"]
[Site "Daventry, ENG"]
[Date "2024.05.06"]
[EventDate "2024.05.06"]
[Round "11.33"]
[White "Williams, Simon K"]
[WhiteTitle "GM"]
[WhiteElo "2467"]
[WhiteTeam "Cheddleton"]
[Black "Makkar, Rajat"]
[BlackTitle "IM"]
[BlackElo "2452"]
[BlackTeam "The Sharks 1"]
[Result "0-1"]

1. d4 d5 2. c4 c6 3. cxd5 cxd5 4. Nc3 Nf6 5. f3 Qb6 6. e4 dxe4 7. fxe4 e5 8.
Bb5+ Nc6 9. d5 Bb4 10. Qd3 a6 11. Ba4 Qa5 12. Bd1 Nd4 13. Nge2 O-O 14. O-O Bd7
15. Kh1 Bb5 16. Nxb5 Qxb5 17. Qxb5 Nxb5 18. Ng3 Nd6 19. Bf3 h6 20. a3 Bc5 21.
Bd2 Rac8 22. Rac1 Rfe8 23. a4 h5 24. h4 g6 25. Kh2 Nd7 26. Be2 Bd4 27. Bb4 Bc5
28. Bd2 Kg7 29. Bd3 Nf6 30. Bh6+ Kxh6 31. Rxf6 Kg7 32. Rcf1 Re7 33. Ne2 Ne8 34.
R6f3 f5 35. exf5 e4 36. f6+ Nxf6 37. Rxf6 exd3 38. Nc3 d2 39. Re6 Rce8 40. Rd1
Rxe6 41. dxe6 Rd8 42. Ne4 Bb4 43. Kg3 Kf8 44. Kf4 Ke7 45. Ke5 Rd3 46. Nc3 Bxc3+
47. bxc3 Rd6 48. c4 Rxe6+ 49. Kd4 Re2 50. g3 Kd6 51. Kd3 Rg2 52. Rxd2 Rxd2+ 53.
Kxd2 Kc5 0-1

[Event "4NCL Division One"]
[Site "Daventry, ENG"]
[Date "2024.05.06"]
[EventDate "2024.05.06"]
[Round "11.34"]
[White "Fernandez, Daniel Howard"]
[WhiteTitle "GM"]
[WhiteElo "2528"]
[WhiteTeam "The Sharks 1"]
[Black "Kirk, Ezra"]
[BlackTitle "IM"]
[BlackElo "2402"]
[BlackTeam "Cheddleton"]
[Result "1/2-1/2"]

1. Nf3 Nf6 2. g3 g6 3. Bg2 Bg7 4. O-O O-O 5. d4 d6 6. Nc3 d5 7. Re1 c5 8. dxc5
Nc6 9. Bf4 d4 10. Nb5 Nd5 11. Bc1 Nc7 12. Nxc7 Qxc7 13. Bd2 Bf5 14. Qc1 Rfd8
15. c3 Rac8 16. b4 a6 17. Nh4 Be6 18. a3 Qe5 19. Bxc6 bxc6 20. Nf3 Qh5 21. cxd4
Bxd4 22. Bc3 Bxc3 23. Qxc3 Bd5 24. Rad1 f6 25. Rd4 g5 26. Nd2 e5 27. Rd3 e4 28.
Rd4 f5 29. f3 exf3 30. exf3 Re8 31. Rxe8+ Rxe8 32. Qd3 Re1+ 33. Kf2 Qe8 34. Nf1
Ra1 35. Rxd5 Qe1+ 36. Kg1 cxd5 37. c6 Qd1 38. Qxa6 Qxf3 39. c7 Qe3+ 40. Kh1
1/2-1/2

[Event "4NCL Division One"]
[Site "Daventry, ENG"]
[Date "2024.05.06"]
[EventDate "2024.05.06"]
[Round "11.35"]
[White "Boswell, Jacob Connor"]
[WhiteElo "2331"]
[WhiteTeam "Cheddleton"]
[Black "Ghasi, Ameet K"]
[BlackTitle "IM"]
[BlackElo "2486"]
[BlackTeam "The Sharks 1"]
[Result "0-1"]

1. d4 Nf6 2. c4 g6 3. Nf3 Bg7 4. g3 O-O 5. Bg2 d6 6. O-O Nbd7 7. Nc3 e5 8. Qc2
exd4 9. Nxd4 Nb6 10. Rd1 Nxc4 11. Ncb5 a6 12. Qxc4 axb5 13. Nxb5 Ne8 14. Qb4
Qe7 15. Be3 Bd7 16. Nc3 Bc8 17. Nd5 Qd8 18. Qd2 c6 19. Nb6 Ra6 20. Nxc8 Qxc8
21. a3 Qa8 22. Bg5 f5 23. e4 fxe4 24. Bxe4 Ra4 25. Bc2 Ra5 26. Bh6 Bxh6 27.
Qxh6 Qa7 28. Bb3+ d5 29. Rd2 Nf6 30. Qh4 Qb6 31. Ba2 Rf7 32. Re1 Kg7 33. Re3
Ra8 34. Qd4 Qxd4 35. Rxd4 Kf8 36. Rf3 Re8 37. Rdf4 Kg7 38. Kf1 Re6 39. Rb4 Rfe7
40. Kg2 Re2 41. Bb1 Rd2 42. Rd3 Rxd3 43. Bxd3 Kf7 44. f3 Ke6 45. Kf2 Kd6 46. h4
b5 47. g4 Nd7 48. f4 Kc5 49. Rb3 d4 50. Bc2 Kd5 51. f5 gxf5 52. Bxf5 Ne5 53.
Kg3 Nc4 54. g5 Nd6 55. Bc2 c5 56. g6 hxg6 57. Bxg6 c4 58. Rf3 Ne4+ 59. Kf4 d3
60. Rf1 Kd4 61. h5 Re6 62. Re1 d2 63. Rd1 Rf6+ 64. Bf5 Kd3 65. Ke5 Rxf5+ 66.
Kxf5 Ng3+ 67. Ke5 Nxh5 68. Kd5 Nf6+ 69. Kc5 Ne4+ 70. Kb4 Kc2 71. Rg1 Kxb2 72.
a4 c3 73. a5 c2 0-1

[Event "4NCL Division One"]
[Site "Daventry, ENG"]
[Date "2024.05.06"]
[EventDate "2024.05.06"]
[Round "11.38"]
[White "Rendle, Thomas E"]
[WhiteTitle "IM"]
[WhiteElo "2427"]
[WhiteTeam "The Sharks 1"]
[Black "Steil-Antoni, Fiona"]
[BlackTitle "WIM"]
[BlackElo "2156"]
[BlackTeam "Cheddleton"]
[Result "1-0"]

1. d4 d5 2. c4 dxc4 3. Nf3 Nf6 4. e3 Bg4 5. Bxc4 e6 6. h3 Bh5 7. Nc3 a6 8. O-O
b5 9. Be2 c5 10. dxc5 Qxd1 11. Rxd1 Bxc5 12. g4 Bg6 13. Ne5 Nfd7 14. Nxg6 hxg6
15. Bf3 Ra7 16. Bg2 f5 17. a4 b4 18. Ne2 Ne5 19. gxf5 gxf5 20. b3 Kf7 21. Bb2
Ng6 22. Rac1 Be7 23. Rc4 a5 24. Nd4 Rd7 25. Rdc1 Rhd8 26. Rc8 Bd6 27. f4 Rxc8
28. Rxc8 Ne7 29. Rh8 Ng6 30. Rc8 Ne7 31. Rc4 Na6 32. Nb5 Bc5 33. Bd4 Bxd4 34.
exd4 Nd5 35. Bxd5 Rxd5 36. Rc8 g5 37. Ra8 Nc5 38. dxc5 Rxc5 39. fxg5 1-0

[Event "4NCL Division One"]
[Site "Daventry, ENG"]
[Date "2024.05.06"]
[EventDate "2024.05.06"]
[Round "11.41"]
[White "Pein, Malcolm"]
[WhiteTitle "IM"]
[WhiteElo "2334"]
[WhiteTeam "Celtic Tigers 1"]
[Black "Chow, Samuel"]
[BlackTitle "FM"]
[BlackElo "2350"]
[BlackTeam "Chessable White Rose 2"]
[Result "1-0"]

1. Nf3 Nf6 2. c4 c5 3. g3 Nc6 4. Bg2 d5 5. cxd5 Nxd5 6. Nc3 Nc7 7. b3 e5 8. Bb2
f6 9. O-O Be7 10. d3 Be6 11. Rc1 O-O 12. e3 Qe8 13. Qe2 Rd8 14. Ne4 Nb4 15. d4
exd4 16. exd4 Nxa2 17. Ra1 Bxb3 18. Rfe1 c4 19. Nfd2 Bb4 20. Nxb3 cxb3 21. Red1
Qf7 22. Qf3 a5 23. Nc5 Bxc5 24. dxc5 Na6 25. c6 bxc6 26. Qxc6 N6b4 27. Qb6 Nd3
28. Qxa5 Qc4 29. Bf1 Rd5 30. Qb6 Re8 31. Rd2 Nab4 32. Rad1 Nxb2 33. Bxc4 Nxc4
34. Qxb4 Nxd2 35. Rxd2 Rxd2 36. Qxd2 Rb8 37. Qd5+ Kh8 38. Qd6 Re8 39. Qb6 h6
40. Qxb3 Kh7 41. Qd3+ Kg8 42. Qd5+ Kf8 43. Kg2 g6 44. Qd7 1-0

[Event "4NCL Division One"]
[Site "Daventry, ENG"]
[Date "2024.05.06"]
[EventDate "2024.05.06"]
[Round "11.45"]
[White "Gallana, Marco"]
[WhiteElo "2326"]
[WhiteTeam "Celtic Tigers 1"]
[Black "Arnott, Jonathan W"]
[BlackTitle "CM"]
[BlackElo "2265"]
[BlackTeam "Chessable White Rose 2"]
[Result "1-0"]

1. c4 e5 2. Nc3 Nf6 3. Nf3 e4 4. Ng5 c6 5. Qa4 Qe7 6. Qc2 b5 7. cxb5 d5 8. d3
h6 9. Nh3 Bf5 10. d4 Qd7 11. e3 a6 12. Na4 Bxh3 13. gxh3 Qb7 14. b6 Nbd7 15.
Bd2 Nxb6 16. Rc1 Nxa4 17. Qxa4 Kd7 18. h4 Bd6 19. Rg1 g6 20. b3 Bxh2 21. Bh3+
Ke7 22. Bb4+ Kd8 23. Ba5+ Ke7 24. Bb4+ Kd8 25. Ba5+ Ke7 26. Rxc6 Ne8 27. Rb6
Qc7 28. Re6+ fxe6 29. Bxc7 Nxc7 30. Rxg6 Rag8 31. Rxg8 Rxg8 32. Qb4+ Bd6 33.
Qb7 Rg1+ 34. Bf1 Rh1 35. b4 Kf6 36. a4 Rxh4 37. b5 axb5 38. axb5 Bb4+ 39. Ke2
Nxb5 40. Qxb5 Bd6 41. Qe8 Rh2 42. Qd8+ Be7 43. Qc7 Rh5 44. Qf4+ Kg6 45. Qg4+
Rg5 46. Qxe6+ Bf6 47. Qe8+ Kg7 48. Bh3 1-0

[Event "4NCL Division One"]
[Site "Daventry, ENG"]
[Date "2024.05.06"]
[EventDate "2024.05.06"]
[Round "11.51"]
[White "Claridge-Hansen, William"]
[WhiteTitle "FM"]
[WhiteElo "2360"]
[WhiteTeam "Oxford 1"]
[Black "Royal, Shreyas"]
[BlackTitle "IM"]
[BlackElo "2455"]
[BlackTeam "Wood Green Youth"]
[Result "1/2-1/2"]

1. Nf3 d5 2. e3 Nf6 3. c4 e6 4. Nc3 dxc4 5. Bxc4 c5 6. O-O Nc6 7. Qe2 a6 8. a4
Bd6 9. Rd1 O-O 10. d4 Qc7 11. h3 h6 12. dxc5 Bxc5 13. e4 Nd7 14. Be3 b6 15.
Rac1 Bb7 16. g4 Nde5 17. Nxe5 Qxe5 18. Bxc5 bxc5 19. Qe3 g5 20. Ne2 Rad8 21.
Rxd8 Rxd8 22. f3 Qxb2 23. h4 Qe5 24. hxg5 hxg5 25. Bxe6 Qxe6 26. Qxg5+ Qg6 27.
Qxc5 Qf6 28. Qb6 Qxf3 29. Qxb7 Qxe2 30. Qxc6 Rd3 31. Qe8+ Kg7 32. Qe5+ 1/2-1/2

[Event "4NCL Division One"]
[Site "Daventry, ENG"]
[Date "2024.05.06"]
[EventDate "2024.05.06"]
[Round "11.52"]
[White "Bazakutsa, Svyatoslav"]
[WhiteTitle "FM"]
[WhiteElo "2423"]
[WhiteTeam "Wood Green Youth"]
[Black "Macfarlane, Donald"]
[BlackElo "2289"]
[BlackTeam "Oxford 1"]
[Result "1-0"]

1. c4 Nf6 2. Nf3 g6 3. Nc3 Bg7 4. e4 d6 5. d4 O-O 6. h3 a6 7. Be3 Nbd7 8. Be2
c5 9. O-O cxd4 10. Nxd4 Nc5 11. Qc2 Bd7 12. Rac1 Rc8 13. Qb1 Na4 14. Nxa4 Bxa4
15. b3 Bd7 16. Rfd1 Qa5 17. a4 Rfd8 18. Bf3 Be8 19. Ne2 Nd7 20. Bd2 Qe5 21. Nf4
Qb2 22. Nd5 Qxb1 23. Rxb1 Kf8 24. Ba5 Ne5 25. Be2 e6 26. Bxd8 Rxd8 27. Ne3 Ke7
28. a5 Rb8 29. b4 b6 30. axb6 Rxb6 31. c5 dxc5 32. bxc5 Rc6 33. Rb7+ Nd7 34.
Nc4 Rxc5 35. Nd6 1-0